Forest trees of the Pacific Coast / (Record no. 12128)

000 -LEADER
fixed length control field 00495cam a2200193 a 4500
040 ## - CATALOGING SOURCE
Transcribing agency CSP
082 ## - DEWEY DECIMAL CLASSIFICATION NUMBER
Classification number 582 PUT 1948 A032 Or.
100 1# - MAIN ENTRY--AUTHOR NAME
Personal name Eliot, Willard Ayres,
245 10 - TITLE STATEMENT
Title Forest trees of the Pacific Coast /
250 ## - EDITION STATEMENT
Edition statement Rev. ed.
260 ## - PUBLICATION, DISTRIBUTION, ETC. (IMPRINT)
Place of publication New York :
Name of publisher Putnam,
Year of publication 1948.
300 ## - PHYSICAL DESCRIPTION
Number of Pages 565 p. :
Other physical details front., ill., plates ;
Dimensions 21 cm.
650 #0 - SUBJECT ADDED ENTRY--TOPICAL TERM
Topical Term Trees
650 #0 - SUBJECT ADDED ENTRY--TOPICAL TERM
Topical Term Forests and forestry
650 #0 - SUBJECT ADDED ENTRY--TOPICAL TERM
Topical Term Trees
650 #0 - SUBJECT ADDED ENTRY--TOPICAL TERM
Topical Term Forests and forestry
700 1# - ADDED ENTRY--PERSONAL NAME
Personal name McLean, G. B.
942 ## - ADDED ENTRY ELEMENTS (KOHA)
Koha item type សៀវភៅភាសាអង់គ្លេស
952 ## - LOCATION AND ITEM INFORMATION (KOHA)
Withdrawn status [LOCAL, KOHA] 0
Holdings
Permanent Location Date acquired Koha item type Lost status Shelving location Barcode Current Location Full call number
Library Block A2017-08-10សៀវភៅភាសាអង់គ្លេស A032A09273Library Block A582 PUT 1948 A032 Or.
មជ្ឈមណ្ឌលឯការនៃសាកលវិទ្យាល័យភូមិន្ទកសិកម្មចំការដូង

Powered by Koha